Diary of a wimpy kid : (Record no. 26087)
[ view plain ]
| 000 -LEADER | |
|---|---|
| fixed length control field | 00843nam a22002177a 4500 |
| 003 - CONTROL NUMBER IDENTIFIER | |
| control field | PILC |
| 005 - DATE AND TIME OF LATEST TRANSACTION | |
| control field | 20231218082938.0 |
| 008 - FIXED-LENGTH DATA ELEMENTS--GENERAL INFORMATION | |
| fixed length control field | 140123b xxu||||| |||| 00| 0 eng d |
| 020 ## - INTERNATIONAL STANDARD BOOK NUMBER | |
| International Standard Book Number | 9780810994737 |
| 050 ## - LIBRARY OF CONGRESS CALL NUMBER | |
| Classification number | PZ 7 |
| Item number | .K6232 2008 |
| 100 ## - MAIN ENTRY--PERSONAL NAME | |
| Personal name | Kinney, Jeff |
| 245 ## - TITLE STATEMENT | |
| Title | Diary of a wimpy kid : |
| Statement of responsibility, etc | Jeff Kinney |
| Remainder of title | rodrick rules |
| 260 ## - PUBLICATION, DISTRIBUTION, ETC. (IMPRINT) | |
| Place of publication, distribution, etc | USA : |
| Name of publisher, distributor, etc | Amulet, |
| Date of publication, distribution, etc | 2008. |
| 300 ## - PHYSICAL DESCRIPTION | |
| Extent | 217 p. : |
| Other physical details | ill. ; |
| Dimensions | 20cm. |
| 520 ## - SUMMARY, ETC. | |
| Summary, etc | Greg records his sixth grade experiences in a middle school where he and his best friend, Rowley, undersized weaklings amid boys who need to shave twice daily, hope just to survive, but when Rowley grows more popular, Greg must take drastic measures to save their friendship. |
| 650 ## - SUBJECT ADDED ENTRY--TOPICAL TERM | |
| Source of heading or term | Summer-Fiction |
| 650 ## - SUBJECT ADDED ENTRY--TOPICAL TERM | |
| Topical term or geographic name as entry element | Diaries-Fiction |
| 650 ## - SUBJECT ADDED ENTRY--TOPICAL TERM | |
| Topical term or geographic name as entry element | Humorous stories-Fiction |
| 942 ## - ADDED ENTRY ELEMENTS (KOHA) | |
| Source of classification or shelving scheme | Library of Congress Classification |
| Koha item type | Books |
| Withdrawn status | Lost status | Source of classification or shelving scheme | Damaged status | Home library | Current library | Shelving location | Date acquired | Source of acquisition | Total Checkouts | Total Renewals | Full call number | Barcode | Date last seen | Date checked out | Copy number | Price effective from | Koha item type | Public note |
|---|---|---|---|---|---|---|---|---|---|---|---|---|---|---|---|---|---|---|
| Library of Congress Classification | Luxembourg Library | Luxembourg Library | Fiction Section | 01/23/2014 | Donation | 31 | 9 | PZ 7 .K6232 2008 | 19612 | 08/29/2023 | 11/17/2022 | 1 | 01/23/2014 | Books | REPLACEMENT: DONATED BY Teacher Jorge Balela |